Szczegóły MARC21

Zwinne projekty w klasycznej organizacji Scrum, Kanban, XP /

003 -Nazwa inst., której nr kontr. jest w polu 001 [,]
    • @
    • Nazwa instytucji, której n kontrolny jest w polu 001
    • NUKAT
005 -DATA I CZAS OSTATNIEJ MODYFIKACJI [,]
    • @
    • pole kontrolne
    • 20241231111807.0
020 -Międzynarod. znormalizowany nr książki - ISBN [ , ]
    • a
    • Numer ISBN
    • 9788324688432 Find
040 -Instytucja sporządzająca opis [ , ]
    • a
    • Instytucja, która sporządziła opis (NP)
    • WR U/KP
    • c
    • Instytucja, która sporządziła rekord (NP)
    • WR U/KPs
    • d
    • Instytucja, która zmodyfikowała rekord (P)
    • WR U/hb
    • d
    • Instytucja, która zmodyfikowała rekord (P)
    • GL 001/EZN
041 -Język dokumentu [1, ]
    • a
    • Język tekstu (P)
    • polski
    • h
    • Język tekstu oryginalnego i/lub pośredniego (P)
    • niemiecki
942 -Rodzaj dokumentu [ , ]
    • c
    • Rodzaj dokumentu
    • Książka
245 -Strefa tytułu i oznaczenia odpowiedzialności [0,0]
    • a
    • Tytuł
    • Zwinne projekty w klasycznej organizacji Scrum, Kanban, XP / Find
    • c
    • Pozostałe elementy strefy tytułu i oznaczenia odpowiedzialności (NP)
    • [red.] Henning Wolf ; [aut. Markus Andrezak et al. ; tł. Dawid Zieliński, Sławomir Kupisz, Bartosz Sałbut].
246 -Wariant tytułu [1, ]
    • i
    • Tekst wyświetlany na ekranie monitora (NP)
    • Tyt. oryg.:
    • a
    • Tytuł (NP)
    • Agile Projekte mit Scrum, XP und Kanban im Unternehmen durchführen
260 -Strefa adresu wydawniczego [ , ]
    • a
    • Miejsce wydania (P)
    • Gliwice :
    • b
    • Nazwa wydawcy (P)
    • Wydawnictwo Helion,
    • c
    • Data wydania (P)
    • cop. 2014.
300 -Strefa opisu fizycznego [ , ]
    • a
    • Określenie formy książki i/lub objętość (NP)
    • 199 s. :
    • b
    • Oznaczenie ilustracji (NP)
    • il. ;
    • c
    • Format (NP)
    • 24 cm.
336 -Typ zawartości [ , ]
    • a
    • Termin opisujący typ zawartości
    • Tekst
    • b
    • Kod określający zawartość
    • txt
    • 2
    • Źródło (terminu i kodu)
    • rdacontent
337 -Typ mediów [ , ]
    • a
    • Tryb odtwarzania
    • Bez urządzenia pośredniczącego
    • b
    • Kod typu mediów
    • n
    • 2
    • Źródło (terminu i kodu)
    • rdamedia
338 -Typ/rodzaj nośnika [ , ]
    • a
    • Hasło opisujące typ nośnika
    • Wolumin
    • b
    • Kod typu nośnika
    • nc
    • 2
    • Źródło (terminu i kodu)
    • rdacarrier
500 -Uwaga ogólna [ , ]
    • a
    • Uwaga ogólna (NP)
    • Oznaczenie rodzaju odpowiedzialności i nazwy aut. w przedm.
500 -Uwaga ogólna [ , ]
    • a
    • Uwaga ogólna (NP)
    • Na s. tyt i okł.: "Klasyczna organizacja też może być zwinna!".
500 -Uwaga ogólna [ , ]
    • a
    • Uwaga ogólna (NP)
    • Zawiera noty o autorach.
504 -Uwaga dot. bibliogr. załącznikowej [ , ]
    • a
    • Uwaga dot. bibliografii załącznikowej
    • Bibliogr. s. 187-190. Indeks.
080 -Uniwersalna Klasyfikacja Dziesiętna [ , ]
    • 2
    • Identyfikator wydania tablic
    • UDC-P058
    • 9
    • UKD
    • 2083
    • a
    • Symbol klasyfikacji
    • 004.413
    • b
    • Dopowiedzenie
    • Opracowanie oprogramowania. Projektowanie oprogramowania.
080 -Uniwersalna Klasyfikacja Dziesiętna [ , ]
    • 2
    • Identyfikator wydania tablic
    • UDC-P058
    • 9
    • UKD
    • 2093
    • a
    • Symbol klasyfikacji
    • 004.424
    • b
    • Dopowiedzenie
    • Techniki programowania. Techniki przeszukiwania. Techniki sortowania. Dopasowywanie wzorców. Techniki pamięciowe.
080 -Uniwersalna Klasyfikacja Dziesiętna [ , ]
    • 2
    • Identyfikator wydania tablic
    • UDC-P058
    • 9
    • UKD
    • 2219
    • a
    • Symbol klasyfikacji
    • 005.8
    • b
    • Dopowiedzenie
    • Zarządzanie. Zarządzanie projektem.
650 -Hasło przedmiotowe [ ,7]
    • a
    • Hasło przedmiotowe
    • Programowanie zwinne (informatyka).
    • 2
    • Źródło terminu
    • kaba
    • 9
    • KHW
    • 184002
650 -Hasło przedmiotowe [ ,7]
    • a
    • Hasło przedmiotowe
    • Scrum (informatyka).
    • 2
    • Źródło terminu
    • kaba
    • 9
    • KHW
    • 214029
650 -Hasło przedmiotowe [ ,7]
    • a
    • Hasło przedmiotowe
    • Programowanie ekstremalne.
    • 2
    • Źródło terminu
    • kaba
    • 9
    • KHW
    • 158734
980 -Symbol UKD [ , ]
    • a
    • UKD
    • 004.413:004.424:005.8
700 -Hasło dodatkowe - nazwa osobowa [1, ]
    • a
    • Nazwa osobowa (NP)
    • Wolf, Henning Find
    • c
    • Dopowiedzenie inne niż daty biograficzne (NP)
    • (informatyka).
    • e
    • Określenie rodzaju współpracy
    • Red.
    • 9
    • KHW
    • 81514
700 -Hasło dodatkowe - nazwa osobowa [1, ]
    • a
    • Nazwa osobowa (NP)
    • Andrezak, Markus. Find
    • 9
    • KHW
    • 81516
700 -Hasło dodatkowe - nazwa osobowa [1, ]
    • a
    • Nazwa osobowa (NP)
    • Zieliński, Dawid Find
    • c
    • Dopowiedzenie inne niż daty biograficzne (NP)
    • (informatyka).
    • e
    • Określenie rodzaju współpracy
    • Tł.
    • 9
    • KHW
    • 81515
700 -Hasło dodatkowe - nazwa osobowa [1, ]
    • a
    • Nazwa osobowa (NP)
    • Kupisz, Sławomir. Find
    • e
    • Określenie rodzaju współpracy
    • Tł.
    • 9
    • KHW
    • 24665
700 -Hasło dodatkowe - nazwa osobowa [1, ]
    • a
    • Nazwa osobowa (NP)
    • Sałbut, Bartosz. Find
    • e
    • Określenie rodzaju współpracy
    • Tł.
    • 9
    • KHW
    • 18072
710 -Hasło dodatkowe - nazwa ciała zbiorowego [2, ]
    • a
    • Nazwa ciała zbiorowego lub nazwa geograficzna jako pierwszy element (NP)
    • Grupa Wydawnicza Helion.
    • 4
    • Kod relacji
    • pbl
    • 9
    • KHW
    • 51611
920 -ISBN [ , ]
    • a
    • ISBN
    • 978-83-246-8843-2 Find
Lokalizacja Data inwentaryzacji Status udost. Numer inwentarzowy
BE2015-01-23-2E.75626